000 00587nam a2200181Ia 4500
008 090201s9999 xx 000 0 und d
010 _aKPL-69629
040 _bमराठी
041 _aमराठी
082 _a48200
_b69629
100 _aकेशव मेश्राम
245 _aरुतलेली माणसे ( रामबाग )
_cकेशव मेश्राम
250 _a1
260 _c2005
_bडींपल
300 _a132
_bमध्यम
600 _aरुतलेली माणसे ( रामबाग )
942 _cBOOK
999 _c244854
_d244854